Sports Quiz

Random Sports Quiz
Score 0/108 Timer 10:00
0 Plays Today
Year Player % Correct
2018Josh Donaldson
97%
2018Russell Martin
93.9%
2017Russell Martin
93.9%
2017Jose Bautista
93.9%
2016Russell Martin
93.9%
2015Jose Bautista
93.9%
2014Jose Bautista
93.9%
2013Jose Bautista
93.9%
2012Jose Bautista
93.9%
2011Jose Bautista
93.9%
2010Vernon Wells
93.9%
2009Roy Halladay
93.9%
2007Roy Halladay
93.9%
2006Roy Halladay
93.9%
2005Roy Halladay
93.9%
2004Carlos Delgado
93.9%
2004Roy Halladay
93.9%
2003Carlos Delgado
93.9%
2002Carlos Delgado
93.9%
2001Carlos Delgado
93.9%
2000Carlos Delgado
93.9%
2000David Wells
93.9%
1999Carlos Delgado
93.9%
1999David Wells
93.9%
1997Joe Carter
93.9%
1996Joe Carter
93.9%
1995Joe Carter
93.9%
1994Joe Carter
93.9%
1994Roberto Alomar
93.9%
1993Joe Carter
93.9%
1993Roberto Alomar
93.9%
1992Joe Carter
93.9%
1991Joe Carter
93.9%
2017Troy Tulowitzki
90.9%
2016Troy Tulowitzki
90.9%
2015Troy Tulowitzki
90.9%
Year Player % Correct
1998Roger Clemens
90.9%
1997Roger Clemens
90.9%
1993Jack Morris
84.8%
1992Jack Morris
84.8%
1991Dave Stieb
84.8%
1990Dave Stieb
84.8%
1989Dave Stieb
84.8%
1988Dave Stieb
84.8%
1987Dave Stieb
84.8%
1986Dave Stieb
84.8%
1985Dave Stieb
84.8%
2019Marcus Stroman
81.8%
2010Edwin Encarnacion
81.8%
1999Pat Hentgen
75.8%
1996John Olerud
75.8%
1996Pat Hentgen
75.8%
1995John Olerud
75.8%
1990George Bell
75.8%
1989George Bell
75.8%
1988George Bell
75.8%
1987George Bell
75.8%
2019Justin Smoak
72.7%
2012Adam Lind
72.7%
2011Adam Lind
72.7%
2010Lyle Overbay
69.7%
1992Kelly Gruber
69.7%
1991Kelly Gruber
69.7%
1990Tony Fernandez
69.7%
1988Jesse Barfield
69.7%
1987Jesse Barfield
69.7%
2014Jose Reyes
66.7%
2009Scott Rolen
66.7%
2008Frank Thomas
66.7%
1989Jimmy Key
66.7%
2015Mark Buehrle
63.6%
2014Mark Buehrle
63.6%
Year Player % Correct
2013Mark Buehrle
63.6%
2009B.J. Ryan
63.6%
2008B.J. Ryan
63.6%
2003Shannon Stewart
63.6%
1994Dave Stewart
63.6%
2013Josh Johnson
57.6%
2012Kelly Johnson
57.6%
2007Troy Glaus
57.6%
2006Troy Glaus
57.6%
1998Juan Guzman
57.6%
1997Juan Guzman
57.6%
2018Marco Estrada
54.5%
1995David Cone
51.5%
2019Ken Giles
48.5%
2012Yunel Escobar
48.5%
2012Ricky Romero
42.4%
2008A.J. Burnett
42.4%
2007A.J. Burnett
42.4%
2002Raul Mondesi
39.4%
2001Raul Mondesi
39.4%
2000Raul Mondesi
39.4%
2006Shea Hillenbrand
36.4%
2005Shea Hillenbrand
36.4%
2005Miguel Batista
33.3%
2004Miguel Batista
33.3%
1986Willie Upshaw
33.3%
1985Doyle Alexander
30.3%
1986Bill Caudill
24.2%
1985Bill Caudill
24.2%
2016Justin Upton, Jr.
21.2%
2002Esteban Loaiza
21.2%
1998Randy Myers
15.2%
2011Juan Rivera
9.1%
2003Cory Lidle
9.1%
2001Joey Hamilton
9.1%
2000Joey Hamilton
9.1%
Come Together.
Have Fun.
All Virtual.
We all need to come together. Play Sporcle's virtual live trivia to have fun, connect with people, and get your trivia on. Join a live hosted trivia game for your favorite pub trivia experience done virtually. If a virtual private party is more your thing, go here for details.

You're not logged in!

Compare scores with friends on all Sporcle quizzes.
OR
Log In

Sporcle TV

Today on Sporcle TV


Watch our educational content, quiz creation guides, and fun videos on Sporcle TV.

Show Comments

Extras

Top Quizzes Today


Score Distribution

Paid Content

Your Account Isn't Verified!

In order to create a playlist on Sporcle, you need to verify the email address you used during registration. Go to your Sporcle Settings to finish the process.

Report this User

Report this user for behavior that violates our Community Guidelines.

Details: